00750 2200265 4500001002100000005001700021008004100038020002200079035002400101040001200125041000800137082001900145084001900164090002200183100003300205245009800238250001100336260003100347300002700378650002000405700001100425850001200436990001800448990001800466INLIS00000000003085020170912103902.0  a978-602-8535-08-3 0010-091700000000218 aYOPDYOG0 aind042[23]a899.2213 a899.2213 Aan S aPK 899.2213 Aan S0 aAAN MERDEKA PURNAMAd, 1950-1 aSenja jatuh di Pajajaranb: kunanti di gerbang Pakuanc/ Aan Merdeka Permana ; editor, Sukini aCet. 1 aSolobTiga Serangkaic2009 avi, 504 hlm.c; 20 cm. 4aFiksi Indonesia0 aSukini aYOPDYOG a56937-PD/A.17 a56938-PD/A.17